LIBRARY & INFORMATION CENTRE, KCAET, TAVANUR

ONLINE PUBLIC ACCESS CATALOGUE (OPAC)

Udyana krishi / (Record no. 6230)

MARC details
000 -LEADER
fixed length control field 00699cam a2200289ua 4500
041 ## - LANGUAGE CODE
Language code of text/sound track or separate title mal
082 ## - DEWEY DECIMAL CLASSIFICATION NUMBER
Classification number 635.01
Item number APP/UD
100 ## - MAIN ENTRY--AUTHOR NAME
Personal name Appukkuttan nair, P.
245 ## - TITLE STATEMENT
Title Udyana krishi /
260 ## - PUBLICATION, DISTRIBUTION, ETC. (IMPRINT)
Place of publication Thiruvananthapuram :
Name of publisher State Instititute of Languages ,
Year of publication 1976.
300 ## - PHYSICAL DESCRIPTION
Number of Pages 146 ; .
942 ## - ADDED ENTRY ELEMENTS (KOHA)
Koha item type Books
Holdings
Withdrawn status Lost status Damaged status Home library Current library Date acquired Full call number Accession Number Koha item type
Withdrawn     KAUAET KAUAET 07/04/2012 635.01 13181 Books
      KAUAET KAUAET 07/04/2012 635.01 13180 Books
      KAUAET KAUAET 07/04/2012 635.01 14393 Books
      KAUAET KAUAET 07/04/2012 635.01 14391 Books
      KAUAET KAUAET 07/04/2012 635.01 13183 Books
Withdrawn     KAUAET KAUAET 07/04/2012 635.01 14394 Books
      KAUAET KAUAET 07/04/2012 635.01 14395 Books
      KAUAET KAUAET 07/04/2012 635.01 14398 Books
      KAUAET KAUAET 07/04/2012 635.01 14396 Books
      KAUAET KAUAET 07/04/2012 635.01 14390 Books
      KAUAET KAUAET 07/04/2012 635.01 14392 Books
Withdrawn     KAUAET KAUAET 16/11/2023 635.01 APP/UD 13157 Books
Withdrawn     KAUAET KAUAET 17/11/2023 635.01 APP/UD 14399 Books
free website counter